| 000 | 00846cam a2200157 4500500 | ||
|---|---|---|---|
| 005 | 20260208001412.0 | ||
| 041 | _afre | ||
| 042 | _adc | ||
| 100 | 1 | 0 |
_aPlusquellec, Florent _eauthor |
| 245 | 0 | 0 | _aVivien Barrière, Stéphane Coviaux, Alban Gautier et Anne Lehoërff Les mondes du Nord De la Préhistoire à l’âge viking. Une enquête historique sans précédent. Tallandier, « Humanités », 2025, 656 pages, 29,90 €. |
| 260 | _c2026. | ||
| 500 | _a67 | ||
| 520 | _aEva Jospin nous convie à un voyage vers l’universel dans l’art : l’exploration fascinante de ses grottes présentées au Grand Palais invite à la recherche des convergences humaines. | ||
| 786 | 0 | _nÉtudes | 4334 | 2 | 2026-01-26 | p. 129-129 | 0014-1941 | |
| 856 | 4 | 1 | _uhttps://shs.cairn.info/revue-etudes-2026-2-page-129?lang=fr&redirect-ssocas=7080 |
| 999 |
_c1644840 _d1644839 |
||